000 00286nam a2200097Ia 4500
005 20250424112846.0
008 250424s9999 xx 000 0 und d
300 _aviii, 349 p. :ill. ; 24 cm.
650 _aArts--Nigeria--Periodicals. Nigeria--Social conditions--Periodicals.
942 _cSR
999 _c37546
_d37546